| 000 | 01118nam0a22002771 4500 | ||
|---|---|---|---|
| 001 | rc\4149328 | ||
| 005 | 20250611110920.0 | ||
| 021 |
_aRU _b[50-20808] |
||
| 035 | _a(NLR Aleph) 008168687 | ||
| 090 |
_a7840431 _c7840431 |
||
| 100 | _a20130415d1950 |||y0rusy50 ca | ||
| 101 | 0 | _arus | |
| 102 | _aRU | ||
| 105 | _aa z ||||| | ||
| 200 | 1 |
_aВредители и болезни люцерны и разработка мероприятий борьбы с ними _fСтавроп. гос. селекционная станция |
|
| 210 |
_aСтаврополь _cКрайиздат. краев. гос. тип. _d1950 |
||
| 215 |
_a87 с., 1 л. граф. _cил. _d20 |
||
| 300 | _aПеред загл. авт.: А.Л. Сторчевой | ||
| 320 | _aБиблиогр.: с. 84-85 (22 назв.) | ||
| 606 |
_aЛюцерна _xБолезни и вредители _yСтавропольский край _2psbo |
||
| 700 | 1 |
_aСторчевой _bА.Л. _gАлексей Леонтьевич |
|
| 801 | 0 |
_aRU _bNLR _gpsbo |
|
| 801 | 1 |
_aRU _bELAR _2rusmarc |
|
| 852 |
_aNLR _jС70 Г-4/388 |
||
| 942 | _cBOOK | ||
| 980 | _aNB | ||